[Event "Isthmia op 1st"]
[Site "Vrachati"]
[Date "2011.08.22"]
[Round "5"]
[White "Kasparov, Sergey"]
[Black "Atalik, Suat"]
[Result "1/2-1/2"]
[WhiteElo "2503"]
[BlackElo "2619"]
[Annotator "Atalik,S"]
[PlyCount "128"]
[EventDate "2011.08.18"]
[EventType "swiss"]
[EventRounds "9"]
[EventCountry "GRE"]
[SourceTitle "CBM 144 Extra"]
[Source "ChessBase"]
[SourceDate "2011.10.28"]
[SourceVersion "1"]
[SourceVersionDate "2011.10.28"]
[SourceQuality "1"]

1. e4 c5 2. Nf3 d6 3. d4 cxd4 4. Nxd4 Nf6 5. f3 $5 {This is one of favorite
lines by little Garry.} e5 6. Nb3 Nc6 7. c4 a5 $5 8. Be3 (8. a4 {This looks
anti positional but I like it.} Be7 9. Be3 O-O 10. Nc3 Nd7 $132) 8... Be7 9.
Nc3 a4 $6 {Maybe this is a little bit too early.} (9... O-O 10. Be2 a4 11. Nd2
Qa5 {was perfectly OK.}) 10. Nd2 Qa5 11. Nb5 $2 {He had a great opportunity.} (
11. c5 $1 Be6 12. cxd6 Bxd6 13. Nc4 Bxc4 14. Qxd6 Ba6 (14... Rd8 $2 15. Qc5
Qxc5 16. Bxc5 Bxf1 17. Rxf1 Nd7 18. Bd6 $18) (14... Qa6 15. Kf2 $5) (14... a3
15. b4 Qa6 16. b5 Qa5 17. Bxc4 Qxc3+ 18. Kf2 Qxc4 19. bxc6 Qxc6 20. Qxe5+ Qe6
21. Qxe6+ fxe6 22. Rab1 $18) 15. Bxa6 Qxa6 16. Kf2 $18) 11... O-O 12. Be2 Bd8
13. O-O (13. Nxd6 Bb6 14. Bxb6 Qxb6 15. Nb5 Nh5 $44) 13... Bb6 14. Bxb6 Qxb6+
15. Kh1 Nd4 16. Nxd4 Qxd4 17. Qc2 Nh5 $5 {Decentralisation but still...} (17...
Be6 $17) 18. Rad1 Be6 (18... f5 19. c5) 19. Nb1 Qc5 20. Na3 Nf4 ({The
immediate checkmate delivery does not work.} 20... f5 $2 21. exf5 Ng3+ 22. hxg3
Rf6 23. Qd2 Bf7 24. Nb5 Rh6+ 25. Qxh6 gxh6 26. Nxd6 $16) 21. Rfe1 Nxe2 (21...
Rfc8 22. Bf1) (21... h5 22. Bf1 h4 $36) 22. Rxe2 Rfc8 23. h3 Ra6 24. Red2 Qb4
25. Qc3 Qxc3 26. bxc3 Bxc4 27. Nxc4 Rxc4 28. Rxd6 Rxd6 29. Rxd6 h5 (29... f5
30. exf5 Rxc3 31. Rb6 Rc2 32. Rxb7 Rxa2 33. Ra7 $11) 30. Rd3 h4 31. g3 Rc6 (
31... hxg3 32. Kg2 $11) 32. gxh4 Rb6 33. Kg2 Rb2+ 34. Kg3 f6 $2 {This is meek.}
(34... Rxa2 35. Rd8+ Kh7 36. Rb8 (36. Rd7 $2 Rb2 37. Rxf7 a3 38. Rf8 Rb6 $19)
36... Rb2 37. Ra8 $1 (37. c4 $6 a3 38. Ra8 a2 39. f4 exf4+ 40. Kxf4 Kg6 41. c5
Kf6 42. e5+ Ke6 $17 {offers Black all the chances on earth.}) 37... b5 38. c4
bxc4 39. Rxa4 Rc2 (39... c3 40. Rc4 c2 41. Rc6 $11) 40. f4 (40. Ra7 $2 f6 41.
Rc7 c3 42. Rc8 Rc1 43. h5 c2 44. Kh4 Rf1 45. Rxc2 Rxf3 $19 {should be winning
with all his pawns scattered around.}) 40... exf4+ 41. Kxf4 c3 42. Rc4 Rc1 43.
Ke3 Rh1 (43... Kg6 44. e5 Kf5 45. Rf4+ Ke6 46. Kd3 Rh1 47. Kxc3 Rxh3+ 48. Kd2
Ra3 49. h5 Ra7 50. Rg4 $11) 44. Kf4 (44. Rxc3 $2 Rxh3+ 45. Kd4 Rxc3 46. Kxc3
Kh6 $19) 44... Rxh3 45. Kg4 Rd3 46. e5 $1 $15) 35. Rd7 b5 36. Rb7 a3 37. h5 Kh7
38. Rb8 Rxa2 39. Rxb5 Ra1 (39... Rc2 40. Rc5 Rc1 41. Ra5 Rxc3 42. Kg4 $11) 40.
Ra5 a2 41. Kh4 Rf1 42. Rxa2 Rxf3 43. Rc2 Rf4+ 44. Kg3 Rxe4 45. c4 Rd4 46. c5
Rd7 47. c6 Rc7 48. Kg4 (48. Kf3 f5) 48... Kg8 49. Kf5 Kf7 50. Rc1 (50. h4 Ke7
51. Kg6 Ke6 52. h6 gxh6 53. Kxh6 Kd5 $11) 50... Ke7 51. h4 ({With me extended
up too much,he could have tried} 51. Kg6 Ke6 52. h6 gxh6 53. Kxh6 e4 (53... Kf5
54. Rf1+ Ke6 55. Kg6 Rxc6 56. Rxf6+ $11) (53... Kf7 54. Kh5) 54. Kg6 f5 55. h4
f4 56. h5 e3 57. Kg5 (57. h6 $2 e2 58. h7 Rc8 59. Kg7 Ke7 60. c7 Kd7 61. h8=Q
Rxh8 62. Kxh8 Kc8 $19) 57... Ke5 58. Kg4 Ke4 59. Rc4+ Kd3 60. Rc5 e2 61. Re5
Kd2 62. Kxf4 e1=Q 63. Rxe1 Kxe1 64. h6 Rxc6 65. Kg5 $11 {but still it would
have been a draw.}) 51... Kd6 52. Rd1+ (52. h6 gxh6 53. Kxf6 Rxc6 54. Rxc6+
Kxc6 55. Kxe5 h5 $11) 52... Kxc6 53. Rc1+ Kd6 54. Rxc7 Kxc7 55. Kg6 e4 56. Kxg7
e3 57. h6 e2 58. h7 e1=Q 59. h8=Q Qe7+ {Time to settle for a draw.} (59... Qg3+
60. Kf7 Qb3+ 61. Ke7 Qe3+ 62. Kf7 $11) 60. Kg6 Qe4+ 61. Kf7 Qd5+ {All the
roads lead to a draw.} (61... f5 62. Qc3+ Kd6 63. h5 f4 64. h6 f3 65. Qd2+ Qd5+
66. Qxd5+ Kxd5 67. h7 f2 68. h8=Q f1=Q+ $11) 62. Kg6 Qe4+ 63. Kf7 Qd5+ 64. Kg6
Qe4+ 1/2-1/2

[Event "WchT 5th"]
[Site "Yerevan"]
[Date "2001.10.20"]
[Round "9.3"]
[White "Varga, Zoltan"]
[Black "Anastasian, Ashot"]
[Result "1-0"]
[WhiteElo "2506"]
[BlackElo "2588"]
[Annotator "Atlas,V"]
[PlyCount "91"]
[EventDate "2001.10.12"]
[EventType "team-tourn"]
[EventRounds "9"]
[EventCountry "ARM"]
[SourceTitle "CBM 086"]
[Source "ChessBase"]
[SourceDate "2002.02.05"]
[SourceVersion "1"]
[SourceVersionDate "2002.02.05"]
[SourceQuality "1"]
[WhiteTeam "Hungary"]
[BlackTeam "Armenia"]
[WhiteTeamCountry "HUN"]
[BlackTeamCountry "ARM"]

1. e4 c5 2. Nf3 d6 3. d4 cxd4 4. Nxd4 Nf6 5. f3 e5 6. Nb3 Be6 7. c4 a5 8. Be3
a4 9. N3d2 Qa5 10. Nc3 Be7 11. Be2 O-O 12. Rb1 Nbd7 13. O-O Rfc8 14. Kh1 h6 15.
f4 exf4 16. Bxf4 Nf8 17. Nd5 Qd8 18. Rc1 N6d7 19. Rc3 Ng6 20. Bg3 Nde5 21. Ra3
Bg5 22. Rc3 Qa5 23. Nf3 Nxf3 24. Bxf3 Ne5 25. Bxe5 dxe5 26. Bg4 Rc6 27. Qf3
Rac8 28. b4 axb3 29. axb3 Qd8 30. Rd3 Qe8 31. Nc3 Be7 32. Nb5 Bc5 33. Rfd1 g6
34. Bxe6 Rxe6 35. Qh3 Kg7 36. Rd7 Ra8 37. Qd3 Re7 38. Rd5 Qc6 39. Qc3 Rae8 40.
Rf1 Kg8 41. h4 Bd4 42. Qd3 Rd7 43. c5 Red8 44. Nd6 Qc7 45. Qh3 Kg7 $4 ({
This careless move loses on the spot.} 45... Bxc5 {falls short to} 46. Ne8) ({
Essential was} 45... Re7) {[%tqu "En","How will you punish Black careless king
move?","Use the shaky position of the d7-rook.","Use your knight for the
decisive strike.","d6e8","Very neat!",3]} 46. Ne8+ (46. Ne8+ {[%csl Rd7][%cal
Gd5d7,Gh3d7,Ge8c7,Ge8g7] wins on the spot:} Rxe8 47. Rxd7) 1-0

[Event "Rovno"]
[Site "Rovno"]
[Date "2000.??.??"]
[Round "9"]
[White "Kholmov, Ratmir D"]
[Black "Moroz, Alexander"]
[Result "0-1"]
[WhiteElo "2489"]
[BlackElo "2513"]
[Annotator "Avrukh,B"]
[PlyCount "108"]
[EventDate "2000.01.20"]
[EventType "tourn"]
[EventRounds "15"]
[EventCountry "UKR"]
[EventCategory "8"]
[SourceTitle "CBM 076"]
[Source "ChessBase"]
[SourceDate "2000.05.31"]
[SourceVersion "1"]
[SourceVersionDate "2000.05.31"]
[SourceQuality "1"]

1. e4 {Finkel,A} c5 2. Nf3 Nc6 3. d4 cxd4 4. Nxd4 e5 5. Nxc6 bxc6 {If black is
interested only in a draw then} (5... dxc6 $5 {could be recommended.}) 6. Bd3
Nf6 7. O-O Be7 8. c4 (8. b3 O-O 9. Bb2 d6 10. c4 Bg4 11. f3 Qb6+ 12. Kh1 Bh5
13. Nc3 Rad8 14. Qe2 Rfe8 15. Rac1 $14 {Kofidis,A-Theotokatos,D/Ano Liosia op
1993/1-0 (47)}) 8... O-O 9. Nc3 (9. Be3 Qa5 10. a3 Bb7 11. b4 Qc7 12. c5 a5 13.
Nd2 axb4 14. axb4 d5 15. cxd6 Bxd6 $11 {1/2-1/2 Pavkovic,N-Bartlett,S/
Australian Capitol 1996 (25)}) 9... d6 10. Qe2 (10. Kh1 Be6 11. Qe2 Rb8 12. b3
Rb7 13. Bb2 Re8 14. Rad1 Bf8 15. Bb1 $14 {0-1 Kerkhoff,L-Kuijf,M/NLD-chT 1993 
(53)}) 10... Nd7 11. b4 Re8 12. b5 {Giving black a possibility to develop the
knight to c5,but other continuation also didn't promise white nothing.} (12.
Be3 Nf6 (12... Bg5 13. Rfd1 Nf8 14. c5 $14) 13. Rfd1 d5 $5 {[%csl Rb4]} 14.
cxd5 Bxb4 15. Bd2 Qa5 $132) 12... Bb7 13. a4 Nc5 14. a5 (14. Be3 Nb3 $1 15.
Rab1 Nd4 16. Bxd4 (16. Qh5 $5 Bf6 17. Rfd1 g6 18. Qh3 Bg5 $11) 16... exd4 17.
Na2 Qa5 18. Qc2 c5 19. Nc1 Bf6 $132) 14... a6 15. b6 Nb3 16. Rb1 Nd4 $1 17. Qd1
Bg5 18. Ne2 (18. f4 exf4 19. Bxf4 Bxf4 20. Rxf4 Qg5 $1 {[%cal Gg5f4,Gg5a5]} 21.
Qf1 Qxa5 $15) 18... Bxc1 19. Rxc1 (19. Nxd4 $5) 19... Ne6 $1 {It's important
for a black to keep the knights on the board.} 20. Qd2 Qe7 $13 21. Rfd1 Rad8
22. Qe3 g6 23. Re1 (23. g3) 23... Qh4 24. h3 Rf8 $1 25. Qg3 Qh6 26. Qe3 Qh4 27.
Qg3 Qh5 {Deciding to keep on fighting.} (27... Qh6 $11) 28. Nc3 Kh8 29. Be2 Qh6
30. Rcd1 f5 31. Rxd6 $2 {White doesn't stand a pressure and makes a mistake.} (
31. Rb1 Nd4 $1 32. Qd3 f4 33. Bf3 g5 34. Ne2 $13) 31... Rxd6 (31... f4 $2 32.
Qd3 $16) 32. Qxe5+ Qg7 33. Qxd6 Qxc3 34. Rd1 Qf6 (34... Qb2 $2 35. Qxe6 Qxe2
36. Qe5+ Kg8 37. Rd7 $18) 35. exf5 $6 (35. e5 $1 {Missing very interesting
possibility} Qf7 36. c5 Rd8 37. Qxd8+ Nxd8 38. Rxd8+ Kg7 39. g3 $15 {[%csl Rb7]
and inspite of the fact that black is a queen up the position is far from
being clear.}) 35... gxf5 36. Qa3 c5 $17 {[%cal Gb7g2]} 37. Bf3 Bxf3 38. Qxf3
Nd4 39. Qb7 Rg8 40. Qc7 $6 (40. Re1 $5 f4 $1 (40... Qc6 41. Re7 Rxg2+ $2 42.
Kf1 Qxb7 43. Rxb7 Rg7 $8 (43... Rh2 44. Ra7 Rxh3 45. b7 Nc6 46. Rxa6 Rb3 47.
Rxc6 Rxb7 48. Rxc5 $18) 44. Rc7 $1 (44. Ra7 $6 Nc6 45. Rxa6 Rb7 46. Ke2 Kg7 $11
) 44... Rg8 45. b7 $18) 41. Kh2 (41. Re7 $2 Nf3+ $1 $19) 41... f3 42. g3 Ne2
$36) 40... Qg7 41. Qxg7+ Rxg7 {[%csl Rd1]} (41... Kxg7 $5) 42. Kf1 Re7 43. Re1
$6 Rxe1+ 44. Kxe1 Kg7 $19 45. f4 (45. Kd2 Nb3+ 46. Ke3 Nxa5 $19) 45... Kf6 46.
g4 Ke6 47. b7 Nc6 48. Kf2 (48. g5 Kd6 (48... h5 49. gxh6 Kf6 50. Kf2 Kg6 51.
Kg3 Kxh6 52. h4 $11) 49. h4 Kc7 50. h5 Kxb7 51. h6 (51. g6 h6 $1 $19 {[%cal
Gb7g7]}) 51... Nd8 52. g6 hxg6 53. h7 Nf7 $19) 48... fxg4 49. hxg4 Kd7 50. f5
Kc7 51. f6 (51. g5 Ne5 $1 (51... Ne7 $2 52. f6 Ng6 53. Kg3 Kxb7 54. Kg4 Kc7 55.
Kh5 Kd6 56. Kh6 Ke6 57. Kxh7 (57. Kg7 Kf5 $19) 57... Kf7 58. Kh6 Ne5 59. Kh7
$11) 52. Kg3 Nxc4 53. g6 hxg6 54. fxg6 Nd6 55. Kf4 Ne8 56. Ke5 c4 57. Kd4 Kxb7
58. Kxc4 Kc6 $19) 51... Nd8 52. Ke3 (52. Kg3 Kxb7 53. Kh4 Kc6 54. Kh5 Nf7 55.
g5 Kd6 56. g6 hxg6+ 57. Kxg6 Ke6 $19) 52... Kxb7 53. Ke4 Kc6 54. Ke5 h6 0-1

[Event "Dortmund GM"]
[Site "Dortmund"]
[Date "2000.07.14"]
[Round "7"]
[White "Varga, Zoltan"]
[Black "Petrosian, Arshak B"]
[Result "1-0"]
[WhiteElo "2541"]
[BlackElo "2473"]
[Annotator "Baburin,A"]
[PlyCount "67"]
[EventDate "2000.07.07"]
[EventType "tourn"]
[EventRounds "9"]
[EventCountry "GER"]
[EventCategory "9"]
[SourceTitle "CBM 078"]
[Source "ChessBase"]
[SourceDate "2000.10.18"]
[SourceVersion "1"]
[SourceVersionDate "2000.10.18"]
[SourceQuality "1"]

1. e4 c5 2. Nf3 d6 3. d4 cxd4 4. Nxd4 Nf6 5. f3 e5 6. Nb3 Be6 7. c4 a5 8. Be3
a4 9. N3d2 Qa5 10. Nc3 Be7 11. Be2 O-O 12. Rb1 Rc8 13. O-O Nbd7 14. Kh1 h6 15.
Nb5 Ne8 16. b4 $1 axb3 17. axb3 Qb4 18. f4 Ndf6 19. Nf3 Nxe4 20. fxe5 dxe5 21.
Nxe5 N8f6 22. Bf3 Ra2 $2 23. Bxe4 Nxe4 {[%tqu "En","How would you continue?",
"Try to use the vulnerability of the black knight.","Try to see the link
between the c8-rook and the e4-knight.","e5f7","Nice blow! Deflecting the
e6-bishop White prepares a fork.",7]} 24. Nxf7 $1 Rf8 (24... Bxf7 25. Qg4) 25.
Qd4 Nd2 {[%tqu "En","Continue White's attack.","Destroy the pawn shield around
the black king.","","f7h6","",4,"e3h6","",4]} 26. Nxh6+ $1 (26. Bxh6 $1 Bf6 27.
Rxf6 Nxb1 28. Rxe6 Rxf7 29. Re8+ Kh7 30. Qd3+ g6 31. Bf4 $1 $18) 26... gxh6 27.
Bxh6 Rf7 28. Rxf7 Kxf7 29. Rd1 Qxb3 30. Re1 $2 (30. Qg7+ $142 Ke8 31. Re1 $18)
30... Qxc4 $2 (30... Qb2 $142) 31. Qg7+ Ke8 {[%tqu "En","How should White
continue?","Target the e7-bishop.","Decoy or overload that piece!","h6g5","",3]
} 32. Bg5 $1 Qc5 (32... Bxg5 33. Nd6+) 33. Bxe7 Qxe7 {[%tqu "En","How would
you finish the game?","Use your knight and rook.","","e1e6","",2,"b5c7","",0]}
34. Rxe6 $1 (34. Nc7+ $2 Kd7 35. Qxe7+ Kxe7 36. Nxe6 Kd6 {and Black is still
in the game.}) 1-0

[Event "Petrov Memorial op"]
[Site "St Petersburg"]
[Date "1996.??.??"]
[Round "6"]
[White "Yagupov, Igor"]
[Black "Timoshenko, Georgy"]
[Result "0-1"]
[WhiteElo "2450"]
[BlackElo "2500"]
[Annotator "Boensch,U"]
[PlyCount "88"]
[EventDate "1996.02.??"]
[EventType "swiss"]
[EventRounds "9"]
[EventCountry "RUS"]
[SourceTitle "CBM 052"]
[Source "ChessBase"]
[SourceDate "1996.06.01"]
[SourceVersion "1"]
[SourceVersionDate "1996.06.01"]
[SourceQuality "1"]

1. e4 c5 2. Nf3 d6 3. d4 cxd4 4. Nxd4 Nf6 5. f3 $5 Nc6 (5... e5 6. Nb3 d5 7.
Bg5 Be6 8. Bxf6 gxf6 9. exd5 Bxd5 10. Nc3 Bb4 11. Qd3 Bxc3+ 12. Qxc3 Bxb3 13.
Rd1 Nd7 14. axb3 $14 {Rublevsky,S-Sulskis,S/St.Petersburg op-Petrov (08) ;CBM
52_06 1996/1/2-1/2 (43)}) 6. c4 Qb6 (6... e6 7. Nc3 Be7 8. Nc2 (8. Be3 O-O 9.
Be2 d5 10. cxd5 (10. exd5 exd5 11. Nxc6 bxc6 12. O-O Be6 13. cxd5 Nxd5 14. Nxd5
Bxd5 $10 {1-0 Orlov,V-Aseev,K/St.Petersburg-ch (13) ;CBM 47 1995 (39)}) 10...
exd5 11. Nxc6 bxc6 12. exd5 Nxd5 13. Nxd5 cxd5 14. O-O $10 {Malakhov,V-Lukin,A/
RUS-ch Elista (11) ;CBM 50 1995/1/2-1/2 (59)}) 8... O-O 9. Ne3 Qb6 10. Bd3 Rd8
11. O-O Ne5 12. Kh1 Nxd3 13. Qxd3 a6 14. b3 Rb8 15. Bb2 Qa5 $10 {1-0 Rublevsky,
S-Aseev,K/St.Petersburg op-Petrov (03) ;CBM 52_06 1996 (38)}) 7. Nc2 g6 8. Nc3
Bg7 9. Qd3 $6 (9. Rb1 O-O 10. Be3 Qd8 11. Be2 b6 12. O-O Bb7 13. Qd2 Rc8 14.
Rfd1 Re8 $14 {0-1 Andonov,B-Georgiev,Ki/Warsaw zt-A 1987 (40)}) 9... Ne5 10.
Qe3 Qc7 (10... Qxe3+ 11. Bxe3 $14) 11. b3 a6 12. Bd2 (12. f4 Ned7 (12... Neg4
$2 13. Qd2 Nh5 14. Bb2 $16) 13. Be2 O-O 14. O-O b6 $10) 12... O-O 13. Rc1 e6
14. f4 Ned7 15. Be2 b6 $10 16. O-O Bb7 17. b4 $6 {Weiß versucht sich an einer
das ganze Brett umspannende Initiative, aber c4 wird schwach und ein
Zentrumsgegenstoß viel gefährlicher.} Rac8 18. Na1 Qb8 19. Nb3 Qa8 20. Bd3 Rfe8
{Die Figuren des Nachziehenden stehen ideal, Zeit zum kontern.} 21. Rfe1 e5 $1
$15 22. Nd5 (22. g3 exf4 23. gxf4 Nxe4 24. Nxe4 f5 $17) 22... b5 23. Na5 (23.
fxe5 Nxe5 24. Nxf6+ Bxf6 25. cxb5 Nxd3 26. Qxd3 axb5 $17 {^^}) 23... Bxd5 24.
cxd5 exf4 25. Qxf4 Ne5 26. Be2 h5 $1 27. h3 Rxc1 28. Rxc1 Rc8 29. Bf3 $2 (29.
Nb3 Rxc1+ 30. Nxc1 Qc8 $15) 29... Nfd7 30. Be2 (30. Nc6 $2 Nxc6 31. dxc6 Rxc6
32. e5 Qa7+ $19) 30... Kh7 31. Qe3 Rxc1+ 32. Bxc1 Qc8 33. Qd2 Nf6 $19 34. Bf3 (
34. Qe3 Nxe4 $19) 34... Qxh3 $1 $19 35. gxh3 (35. Qf4 Nxf3+ 36. Qxf3 (36. gxf3
g5 $1 37. Qxg5 Qxf3 $19) 36... Qh4 $19) 35... Nxf3+ 36. Kg2 Nxd2 37. Bxd2 Nxe4
38. Bf4 g5 39. Be3 f5 40. Nc6 f4 41. Bc1 Nc3 42. h4 Ne2 43. Bd2 g4 44. Nb8 Bd4
$1 0-1

[Event "YUG-ch51 (Women)"]
[Site "Belgrade"]
[Date "1998.??.??"]
[Round "11"]
[White "Kalevic, Sanja"]
[Black "Maksimovic, Suzana"]
[Result "0-1"]
[WhiteElo "2310"]
[BlackElo "2300"]
[Annotator "Bulletin"]
[PlyCount "88"]
[EventDate "1998.04.??"]
[EventType "tourn"]
[EventRounds "13"]
[EventCountry "YUG"]
[SourceTitle "EXT 1999"]
[Source "ChessBase"]
[SourceDate "1998.11.16"]
[SourceVersion "1"]
[SourceVersionDate "1998.11.16"]
[SourceQuality "1"]

1. e4 c5 2. Nf3 d6 3. d4 cxd4 4. Nxd4 Nf6 5. f3 e5 6. Nb3 Be7 7. c4 O-O 8. Be3
b5 9. cxb5 d5 10. Bg5 Nxe4 11. fxe4 Bxg5 12. Qxd5 Qb6 13. Qc5 Be6 14. Qxb6 axb6
15. N1d2 Ra4 16. Bd3 Nd7 17. a3 Rd8 18. Bc2 Rc8 19. Bd3 Rd8 20. Bc2 Rc8 21. Bd3
Bxd2+ 22. Nxd2 Rd4 23. Ke2 Nc5 24. Bc2 Bg4+ 25. Ke3 Ne6 26. Rac1 Nf4 27. Nf3
Nxg2+ 28. Kf2 Bxf3 29. Kxf3 Nf4 30. Bb1 Rcd8 31. Rc6 Rd2 32. Rxb6 Rxb2 33. a4
h5 34. Rc6 Rb3+ $1 35. Kf2 $8 Rd2+ $1 36. Ke1 $8 Re2+ 37. Kd1 $8 Rxb1+ 38. Rc1
$8 Rbb2 $1 39. Rc8+ Kh7 40. Rc3 Red2+ 41. Kc1 Rf2 $2 (41... Ne2# $142) 42. Rd1
Ra2 43. Rb3 Ra1+ 44. Rb1 Rxa4 0-1

[Event "YUG-chT"]
[Site "Budva"]
[Date "1996.??.??"]
[Round "4"]
[White "Rublevsky, Sergei"]
[Black "Aleksic, Nenad C"]
[Result "1-0"]
[WhiteElo "2610"]
[BlackElo "2330"]
[Annotator "Chekhov,V"]
[PlyCount "67"]
[EventDate "1996.??.??"]
[EventType "team"]
[EventRounds "6"]
[EventCountry "YUG"]
[SourceTitle "CBM 053 Extra"]
[Source "ChessBase"]
[SourceDate "1996.09.01"]
[SourceVersion "1"]
[SourceVersionDate "1996.09.01"]
[SourceQuality "1"]

1. e4 c5 2. Nf3 d6 3. d4 cxd4 4. Nxd4 Nf6 5. f3 e5 6. Nb3 d5 (6... Be6 $5 7. c4
a5 8. Be3 a4 9. N3d2 Qa5 10. Be2 Be7 11. O-O Nc6 12. Na3 O-O $13 {Rublevsky,
S-Georgiev,Ki/Budva/1996/0,5/36/}) 7. Bg5 Be6 8. Bxf6 gxf6 9. exd5 Qxd5 10.
Qxd5 Bxd5 11. Nc3 Bb4 $6 (11... Bc6 $6 12. O-O-O Nd7 13. Nb5 Bh6+ 14. Kb1 O-O
15. Nd6 Rad8 16. Na5 $14 {Malakhov,V-Bates,R/Bratislava/1993/0,5/48/}) (11...
Be6 $5 12. O-O-O Nd7 (12... Nc6 13. Bb5 a6 14. Bxc6+ bxc6 15. Ne4 Ke7 16. Na5
Bh6+ 17. Kb1 Rhc8 18. Nc5 Rab8 19. Nxe6 fxe6 20. a4 Rb4 21. b3 Rd4 $132 {
Maljutin,E-Dvoirys,S/Smolensk/1991/0,5/61/}) 13. Nb5 Ke7 14. Nd6 b6 15. Bb5 Rd8
16. Rd3 Bh6+ 17. Kb1 f5 18. Bc4 e4 19. fxe4 fxe4 20. Rdd1 Ne5 $132 {Maljutin,
E-Baikov,V/Moscow/1991/1|0/36/}) 12. O-O-O Bxb3 13. cxb3 Bxc3 14. bxc3 Ke7 15.
Bd3 Nd7 $5 {N/} (15... Nc6 16. Bf5 Rad8 17. Rxd8 Nxd8 18. Bc8 Kd6 19. Kd2 $16 {
Maljutin,E-Naidosky,T/Moscow/1990/1|0/45/}) 16. Bf5 Rad8 17. Rd5 Nf8 (17... h6
18. Rhd1 Nb6 19. Rxd8 Rxd8 20. Rxd8 Kxd8 21. Kd2 Kc7 22. c4 $16) 18. Rxd8 Kxd8
19. Rd1+ Kc7 20. Kd2 $16 Ne6 21. Ke3 h6 22. g3 Re8 (22... Rd8 23. Rxd8 Kxd8 24.
b4 $16) 23. b4 Re7 24. a4 Ng7 25. g4 (25. Ke4 $5) 25... Ne6 (25... Nxf5+ 26.
gxf5 Re8 27. Rg1 $16) 26. a5 Rd7 27. Rxd7+ Kxd7 28. h4 Kc6 29. Be4+ Kc7 30. Bd5
$18 Nd8 (30... b6 $5) 31. Ke4 Kd6 32. c4 b6 33. axb6 axb6 34. Kf5 (34. Kf5 Ke7
35. h5 Ne6 36. Bxe6 fxe6+ 37. Kg6 $18) 1-0

[Event "Barbera del Valles op"]
[Site "Barbera del Valles"]
[Date "1996.??.??"]
[Round "5"]
[White "Zvjaginsev, Vadim"]
[Black "Gomez Esteban, Juan Mario"]
[Result "1/2-1/2"]
[WhiteElo "2590"]
[BlackElo "2495"]
[Annotator "ChessBase"]
[PlyCount "109"]
[EventDate "1996.07.??"]
[EventType "swiss"]
[EventRounds "9"]
[EventCountry "ESP"]
[SourceTitle "EXT 1997"]
[Source "ChessBase"]
[SourceDate "1996.11.15"]
[SourceVersion "1"]
[SourceVersionDate "1996.11.15"]
[SourceQuality "1"]

1. e4 c5 2. Nf3 d6 3. d4 cxd4 4. Nxd4 Nf6 5. f3 Qb6 6. c4 Nc6 7. Nc2 g6 8. Nc3
Bg7 9. Nb5 a6 10. Be3 Qa5+ 11. Bd2 Qd8 12. Nc3 O-O 13. Be2 e6 14. Be3 d5 15.
cxd5 exd5 16. exd5 Ne7 17. d6 Nf5 18. Bf2 Be6 19. O-O Rc8 20. Ne3 Nxd6 21. Re1
Qc7 22. Ned5 Nxd5 23. Nxd5 Bxd5 24. Qxd5 Nf5 25. Bf1 Rfd8 26. Qe4 Bd4 27. Bxd4
Rxd4 28. Rac1 Rxe4 (28... Qxc1 29. Rxc1 Rxc1 30. Qe8+ Kg7 31. g4 Rdd1 $15) 29.
Rxc7 Rxe1 30. Rxc8+ Kg7 31. Kf2 Rb1 32. Bd3 Rxb2+ 33. Rc2 Rxc2+ 34. Bxc2 Kf6
35. f4 b5 36. g4 Nd4 37. Be4 b4 38. Ke3 Ne6 39. h4 h6 40. Bc2 a5 41. g5+ hxg5
42. hxg5+ Ke7 43. Bd1 Nc5 44. Kd4 Kd6 45. Bc2 Ne6+ 46. Ke3 Kc5 47. Ke4 Nd4 48.
Ba4 Nb5 49. Ke5 Nd6 50. Bb3 Kc6 51. Kf6 Kd7 52. Ba4+ Kd8 53. Bc6 Kc7 54. Ba4
Kd8 55. Bc6 1/2-1/2

[Event "Balatonbereny GM"]
[Site "Balatonbereny"]
[Date "1996.??.??"]
[Round "3"]
[White "Wach, Markus"]
[Black "Dao, Thien Hai"]
[Result "1/2-1/2"]
[WhiteElo "2380"]
[BlackElo "2560"]
[Annotator "Donev,I"]
[PlyCount "128"]
[EventDate "1996.06.13"]
[EventType "tourn"]
[EventRounds "11"]
[EventCountry "HUN"]
[EventCategory "11"]
[SourceTitle "CBM 055"]
[Source "ChessBase"]
[SourceDate "1996.12.01"]
[SourceVersion "1"]
[SourceVersionDate "1996.12.01"]
[SourceQuality "1"]

1. e4 {Endspiel-CD} c5 2. Nf3 d6 3. d4 cxd4 4. Nxd4 Nf6 5. f3 {Dieser Zug war
von den dreißiger Jahren bis 1950 ein wenig in Mode. Die Idee von Weiß ist,
nach c2-c4, Nc3, Be3 (oder b3 nebst Bb2), Qd2 usw.eine solides Zentrum zu
bekommen, um den schwarzen Standardgegenstoß b7-b5 und d6-d5 zu verhindern.} e5
6. Bb5+ Bd7 $6 (6... Nbd7 $142) 7. Bxd7+ Qxd7 8. Nf5 d5 9. Bg5 dxe4 10. Bxf6
Qxd1+ 11. Kxd1 gxf6 12. fxe4 $16 {Eine musterhafte Stellung, wie ich sie aus
meiner Kindheit kenne, als ich von meinem ersten Trainer IM Atanasov,P die
Grundzüge der Schachstrategie lernte: Klarer positioneller Vorteil für Weiß!}
Nc6 13. c3 Rg8 14. g3 Rd8+ 15. Ke2 Ne7 16. Nd2 (16. Rf1 Nxf5 17. Rxf5 Ke7 18.
Nd2 Ke6 19. Raf1 Rg6 20. Nc4 Bh6 21. Rh5 $16) 16... Nxf5 17. exf5 {Der
Springertausch auf f5 würde nur ein Übel gegen ein anders eintauschen, denn
der zweite weiße Springer nistet sich dann sofort und unantastbar auf e4 ein!}
Rg4 18. Kf3 Ra4 19. Ne4 Be7 20. a3 Rd3+ 21. Ke2 Rd8 22. Ke3 Rc8 23. Rhd1 {
Damit dürfte alles klar sein: der Rest ist eine schnurgerade Einbahnstraße,
auf der Weiß den Weg zum Sieg nicht verfehlen kann. Einige kleine weiße
Ungenauigkeiten geben dem Nachziehenden leider am Damenflügel Gegenspiel.} h5
24. b3 $2 {Schwächt die Bauern am Damenflügel.} (24. Rd5 Rcc4 25. Nd2 Rc5 26.
Rxc5 Bxc5+ 27. Kf3 $16) 24... Ra6 $1 (24... Rxa3 $2 25. Nxf6+ $1 Kf8 26. Rxa3
Bxa3 27. c4 $16) 25. a4 Rb6 $14 26. Rab1 Rbc6 27. Rd3 (27. Rd5 $1 {/\c4 oder
Kd3}) 27... Rb6 28. Kd2 Rc4 $1 29. a5 (29. Ke3 $2 Rxa4 $17) 29... Rb5 30. bxc4
Rxb1 31. Rd5 a6 32. h4 Rb2+ 33. Ke3 Rb1 34. Kf3 Rf1+ 35. Kg2 (35. Ke2 Ra1 $15 (
35... Rg1 36. c5 Ra1 37. Nd6+ Kd7 $1 38. Nxb7+ Kc6 39. Rd3 $13)) 35... Re1 36.
Nd6+ (36. Kf3 Rf1+ 37. Kg2 $10 Re1 (37... Rxf5 $4 38. Rd1 $18 {/\Rb1})) 36...
Bxd6 37. Rxd6 Ra1 38. Rxf6 Rxa5 39. Rb6 Rc5 40. Rxb7 Rxc4 41. f6 Rc6 42. Re7+
Kf8 43. Rxe5 Rxf6 44. Rxh5 Rc6 45. Ra5 Rxc3 46. Rxa6 Kg7 47. Ra5 Kg6 48. Rg5+
Kh6 49. Kh3 f6 50. Ra5 Kg6 51. h5+ Kh6 52. Kh4 Rc4+ 53. g4 Kg7 54. Kg3 Rb4 55.
Ra7+ Kg8 56. h6 Rc4 57. Rg7+ Kf8 58. Ra7 Kg8 59. h7+ Kh8 60. Rf7 f5 61. Rxf5
Kxh7 62. Rf6 Kg7 63. Ra6 Rc7 64. Kh4 Rc5 (64... Rc5 {Endspiel-CD} 65. g5 Kg8
66. Kh5 Kg7 67. Ra7+ Kg8 68. Kh6 Rc6+ (68... Rc8) 69. g6 Rc8) 1/2-1/2